| 000 | 00642nam a2200229Ia 4500 | ||
|---|---|---|---|
| 003 | OSt | ||
| 005 | 20220916110904.0 | ||
| 006 | a|||||r|||| 00| 0 | ||
| 007 | ta | ||
| 008 | 220915b |||||||| |||| 00| 0 hin d | ||
| 024 | _a201422 | ||
| 037 | _cTextbook | ||
| 040 |
_bhin _aARTS _cARTS |
||
| 041 | _ahin | ||
| 082 | _aT:3:P, 152H9 | ||
| 100 | _aत्रिपाठी, करूणापति | ||
| 245 | 0 | _aभाषा-शिक्षण | |
| 246 | _aBhāṣhā-shikṣhaṇa | ||
| 260 | _c1949 | ||
| 942 |
_hT:3:P, 152H9 _cTB _2CC |
||
| 999 |
_c100515 _d100515 |
||